[Event "58. BEM 2004"]
[Site "Dortmund"]
[Date "2004.03.09"]
[Round "5.5"]
[White "Thormann, Olaf"]
[Black "Gorval, Evgueni"]
[Result "0-1"]
[WhiteElo "1900"]
[BlackElo "2089"]
[Annotator "Fritz 7 (15s)"]
[PlyCount "48"]
[EventDate "2004.??.??"]
[Source "SG Dortmund"]
[SourceDate "2004.12.16"]

{C00: French: Unusual White 2nd moves
} 1. e4 e6 2. Nc3 d5 3. exd5 exd5 4. Qe2+
Be7 5. d4 Nc6 $146 (5... Nf6 6. Bf4 (6. Be3 O-O 7. Nh3 c5 8. O-O-O c4 9. Rg1
Bb4 10. Nb1 Re8 11. c3 Bf8 12. g4 Nc6 13. g5 Ne4 14. Nd2 Qa5 15. Nxe4 Rxe4 16.
Kb1 Bf5 17. Ka1 Re6 18. b4 Nxb4 19. cxb4 Bxb4 20. Rc1 Bc3+ 21. Rxc3 Qxc3+ 22.
Qb2 Rb6 {0-1 Rojas,J-Stojanovic,M/Linares 1997/CBM 58 (22)}) 6... O-O 7. Qd2
Re8 8. Nge2 Bb4 9. f3 c6 10. a3 Ba5 11. O-O-O b5 12. Kb1 b4 13. axb4 Bxb4 14.
Nc1 a5 15. N1a2 Qb6 16. Na4 Bxd2 17. Nxb6 Bxf4 18. Nxa8 Nbd7 19. g3 Bd6 20. Bh3
{Rizk,J-Terrazas,F/Lugano 1968/MCD/0-1 (48)}) (5... Be6 6. Qb5+ Nd7 7. Qxb7
Ngf6 8. Bf4 c5 9. Bc7 Qc8 10. Qxc8+ Rxc8 11. Be5 Nxe5 12. dxe5 Nd7 13. Bb5 d4
14. Ne4 O-O 15. Bxd7 Bxd7 16. Ng3 Rfd8 17. Nf3 Be6 18. O-O f6 19. exf6 Bxf6 20.
Ne4 {Meincke,H-Hartendauer,F/Kiel 2000/EXT 2002/1/2-1/2 (51)}) 6. Be3 Nf6 7.
Nf3 O-O 8. Qd1 Bb4 9. Bd3 Ne4 10. Bxe4 dxe4 11. Ng5 f5 12. Qh5 h6 13. h4 $2 (
13. Nh3 $142 $15 {sieht noch spielbar aus}) 13... f4 $19 (13... hxg5 14. hxg5
Ne7 15. g6 Nxg6 16. Qxg6 $14) 14. Bd2 Qe8 (14... e3 $142 {ist genauer} 15. fxe3
fxe3 (15... hxg5 16. hxg5 fxe3 17. g6 exd2+ 18. Kd1 Bg4+ 19. Qxg4 $16) 16. Bxe3
Qe7 $19 (16... hxg5 17. hxg5 Bxc3+ 18. bxc3 $11)) 15. Qxe8 Rxe8 16. Nb5 Re7 17.
c3 (17. d5 e3 18. fxe3 hxg5 19. dxc6 Rxe3+ 20. Kf2 Bxd2 21. Nxc7 $19) 17... e3
$19 (17... hxg5 $6 18. cxb4 Bf5 19. d5 $17) 18. fxe3 fxe3 (18... hxg5 $6 19.
cxb4 fxe3 20. Bc3 $17) 19. Bc1 (19. Bxe3 Rxe3+ 20. Kf2 $19) 19... hxg5 20. d5
Ne5 21. cxb4 Nd3+ 22. Ke2 Nxb4 23. Nd4 (23. Kf3 {holt die Kuh nicht vom Eis}
23... Nc2 24. Rb1 gxh4 25. Rxh4 Bd7 $19) 23... Bg4+ 24. Ke1 (24. Nf3 {
verlaengert das Leiden} 24... Nxd5 25. Kd3 $19) 24... Rf8 (24... Rf8 25. Nf3
Nd3+ 26. Kd1 Bxf3+ 27. Kc2 Be2 $19) 0-1

[Event "58. BEM 2004"]
[Site "Dortmund"]
[Date "2004.03.09"]
[Round "5.6"]
[White "Litwak, Aleksej"]
[Black "Grube, Jörg"]
[Result "1-0"]
[WhiteElo "2067"]
[BlackElo "1887"]
[Annotator "Fritz 7 (15s)"]
[PlyCount "53"]
[EventDate "2004.??.??"]
[Source "SG Dortmund"]
[SourceDate "2004.12.16"]

{B40: Sicilian: 2...e6, Unusual lines
} 1. e4 c5 2. Nf3 e6 3. b3 a6 4. c4 (4.
Qe2 d6 5. g3 Nc6 6. Bb2 Nf6 7. Bg2 Be7 8. O-O O-O 9. c3 d5 10. e5 Nd7 11. d4 b5
12. Nbd2 {1/2-1/2 Shabanov,Y-Shestoperov,A/Rowy 2000/CBM 78 ext (12)}) 4... d6
5. Bb2 Nf6 6. e5 $146 (6. Nc3 Nbd7 7. Be2 b6 8. O-O Bb7 9. d3 Be7 10. Qd2 O-O
11. Rfe1 Qc7 12. Bf1 Rfe8 13. d4 cxd4 14. Nxd4 Rac8 15. Rac1 Qb8 16. f3 Bf8 17.
Kh1 Rcd8 18. Rcd1 Qc7 19. Rc1 g6 20. Red1 Ba8 {
Dally,H-Wohlfahrt,H/Dortmund 1992/TD/1-0 (69)}) 6... dxe5 7. Nxe5 Be7 8. Bd3
Nc6 9. Nxc6 Qxd3 {Schwarz verhindert die kurze Rochade} 10. Nxe7 Kxe7 11. Qe2
Qxe2+ 12. Kxe2 Bd7 13. Ba3 b6 {Befestigt c5} 14. d4 Rhc8 15. Nc3 Ke8 16. dxc5
bxc5 17. Rhd1 a5 18. Rab1 a4 19. b4 cxb4 20. Rxb4 Rc5 21. Rd4 h5 (21... e5 22.
Rd2 $11) 22. f3 (22. Rb7 $142 Re5+ 23. Kd3 $18) 22... g5 $4 {
gibt den Vorteil aus der Hand} (22... Rac8 $142 $11 {war noch moeglich}) 23.
Rb7 $18 Re5+ 24. Kf2 Rea5 25. Rc7 (25. Bb4 R5a7 26. Rxa7 Rxa7 $16) 25... R5a7
$2 (25... Kd8 26. Rc6 $14) 26. Rc5 (26. Rdxd7 $142 $5 Nxd7 27. Rxa7 Rxa7 28.
Nb5 $18) 26... g4 $4 {und es geht weiter bergab} (26... Ra5 $142 $16) 27. Rf4
$18 (27. Rf4 g3+ 28. hxg3 $18) 1-0

[Event "58. BEM 2004"]
[Site "Dortmund"]
[Date "2004.03.09"]
[Round "5.7"]
[White "Naundorf, Maik"]
[Black "Ziemek, Gerhard"]
[Result "1-0"]
[WhiteElo "2015"]
[BlackElo "1740"]
[Annotator "Fritz 7 (15s)"]
[PlyCount "59"]
[EventDate "2004.??.??"]
[Source "SG Dortmund"]
[SourceDate "2004.12.16"]

{A39: Symmetrical English vs ...g6: 4 Bg2 Bg7 5 Nf3 Nf6 6 0-0 0-0 7 d4
} 1. Nf3
Nf6 2. c4 c5 3. Nc3 Nc6 4. g3 g6 5. d4 cxd4 6. Nxd4 Bg7 7. Bg2 O-O 8. O-O Qb6
9. Nc2 a6 (9... Qc5 10. b3 d6 11. Qe1 Qh5 12. f3 Qc5+ 13. Be3 Qa5 14. Bd2 Qc5+
15. Qf2 Qxf2+ 16. Kxf2 Rd8 17. e4 Be6 18. Rfd1 Nd7 19. Bf1 f5 20. exf5 Bxf5 21.
Ne3 Be6 22. Rac1 Nde5 23. Ncd5 Rac8 24. f4 {
Teske,H-Valenta,V/Graz 1995/EXT 98/1-0 (56)}) (9... Ne5 10. Be3 Qd8 11. b3 d6
12. h3 a6 13. Qd2 Rb8 14. Rfd1 Qc7 15. Rac1 Be6 16. Nd5 Bxd5 17. cxd5 Rfc8 18.
Qb4 Ned7 19. Na3 Nc5 20. h4 Nfd7 21. Qd2 Qd8 22. Nc4 Ne5 23. Nb2 Ng4 24. Bf4 {
Lucena,L-Collazo,N/Havana 2001/CBM 82 ext/1/2-1/2 (67)}) 10. b3 d6 $146 (10...
Ng4 11. Bb2 d6 12. Rc1 Be6 13. e3 Rac8 14. Qe2 Nge5 15. Nd5 Bxd5 16. cxd5 Nb4
17. Bd4 Qa5 18. Nxb4 Qxb4 19. f4 Nd7 20. Bxg7 Kxg7 21. Qb2+ Kg8 22. e4 Nc5 23.
Rc4 Qb6 24. Qf2 Nd7 25. Rfc1 {
Van Vliet,G-Van Kempen,J/Hengelo 1999/CBM 71 ext/1-0 (47)}) 11. Qd2 Nb4 (11...
Qa5 $142 $11 {war der einzige Versuch}) 12. Na4 $18 Qa5 13. Qxb4 Qh5 14. f3 d5
(14... Nd7 15. Bb2 $18) 15. Bb2 (15. Nb6 {gibt noch groesseren Vorteil} 15...
Rb8 16. Bf4 e5 $18) 15... e5 (15... dxc4 {ist vielleicht ein Schwindelversuch}
16. bxc4 b5 17. cxb5 Qxb5 18. Qxb5 axb5 $18) 16. Nb6 a5 17. Qe1 Ra6 18. Nxd5
Nxd5 19. cxd5 b5 20. e4 Rd8 21. Bc3 b4 22. Bd2 g5 23. g4 Qg6 24. Ne3 h5 25. h3
hxg4 26. fxg4 Ra7 (26... Qb6 {aendert den Lauf der Dinge nicht} 27. Qf2 f6 28.
Rac1 $18) 27. Nf5 Bf8 28. Qe3 Rc7 29. Qxg5 Bc5+ (29... Rdd7 {
macht keinen grossen Unterschied} 30. Rfc1 Bc5+ 31. Kh2 $18) 30. Kh1 (30. Kh1
Rf8 31. d6 $18) 1-0

[Event "58. BEM 2004"]
[Site "Dortmund"]
[Date "2004.03.09"]
[Round "5.8"]
[White "Kartsev, Soel"]
[Black "Büchle, Manfred"]
[Result "1-0"]
[WhiteElo "2172"]
[BlackElo "1959"]
[Annotator "Fritz 7 (15s)"]
[PlyCount "79"]
[EventDate "2004.??.??"]
[Source "SG Dortmund"]
[SourceDate "2004.12.16"]

{D35: Queen's Gambit Declined: Exchange Variation
} 1. d4 d5 2. c4 e6 3. Nc3
Nf6 4. Bg5 Be7 5. e3 Nbd7 6. cxd5 exd5 7. Bd3 h6 8. Bf4 c6 9. Qc2 Nf8 10. Nge2
Ne6 11. O-O-O Nxf4 12. Nxf4 Qa5 13. Kb1 Bd7 14. Bf5 $146 (14. f3 Bb4 15. e4
Bxc3 16. bxc3 O-O 17. e5 Ne8 18. g4 c5 {
1/2-1/2 Schmidt,R-Hauer,F/Polch 1993/EXT 2000 (18)}) 14... Bxf5 15. Qxf5 {
Haelt den Koenig im Zentrum fest} 15... Rg8 16. h4 g6 {Ueberdeckt h5} 17. Qh3
b5 18. f3 {Kontrolliert e4+g4} 18... b4 19. Nce2 Qb5 20. g4 Nd7 21. e4 Nb6 22.
Rhe1 g5 (22... b3 $5 {ist zu beachten} 23. a3 O-O-O $14) 23. hxg5 $16 hxg5 24.
Qh7 O-O-O (24... Rf8 $142 $5 25. exd5 O-O-O 26. Qf5+ Kb8 27. Qe5+ Bd6 28. Qxg5
Nxd5 29. Nxd5 Rg8 $16) 25. Qxf7 $18 gxf4 26. Qxe7 Rge8 27. Qg5 (27. Qf7 $142 $5
b3 28. Nxf4 bxa2+ 29. Ka1 $18) 27... dxe4 $16 28. Qxf4 exf3 29. Qxf3 Nd5 30.
Nc1 Rf8 31. Qg3 Rf4 32. Nb3 Rdf8 33. Rc1 Rf1 (33... Nc7 34. Re5 Rf3 35. Qxf3
Rxf3 36. Rxb5 cxb5 37. Nc5 $18) 34. Qd6 R1f6 35. Re6 Rxe6 (35... Rf1 36. Qxc6+
Qxc6 37. Rexc6+ Kd7 38. Ra6 Rxc1+ 39. Nxc1 $18) 36. Qxe6+ Kc7 37. Nc5 Rb8 (
37... a6 38. Qe4 Rf7 39. Qe5+ Kb6 40. Qb8+ Ka5 41. Qd8+ Nb6 42. b3 $18) 38.
Qf7+ (38. Qe5+ Kc8 39. Rh1 Qxc5 40. dxc5 Rb5 41. Rh7 Ne7 42. Qxe7 Rxc5 43. Rh8#
) 38... Kb6 39. Nd7+ Ka5 (39... Kb7 {ist noch eine duenne Chance} 40. Ne5+ Ka6
41. Rxc6+ Rb6 $18) 40. Rc5 (40. Rc5 Rb7 41. Rxb5+ Kxb5 42. g5 $18) 1-0

[Event "58. BEM 2004"]
[Site "Dortmund"]
[Date "2004.03.09"]
[Round "5.9"]
[White "Hardt, Helmut"]
[Black "Zimmermann, Dirk"]
[Result "0-1"]
[WhiteElo "1766"]
[BlackElo "2025"]
[Annotator "Fritz 7 (15s)"]
[PlyCount "38"]
[EventDate "2004.??.??"]
[Source "SG Dortmund"]
[SourceDate "2004.12.16"]

{C63: Ruy Lopez: Schliemann/Jaenisch Defence
} 1. e4 e5 2. Nf3 Nc6 3. Bb5 f5 4.
d4 fxe4 5. Bxc6 dxc6 6. Nxe5 Nf6 7. Bg5 c5 (7... Be7 8. Nc3 O-O 9. O-O Bf5 10.
Ne2 h6 11. Ng3 Bh7 12. Be3 Bd6 13. Qe2 Qe7 14. Nc4 Bg6 15. Nxd6 cxd6 16. c4
Rae8 17. Rae1 Qd7 18. Qd1 Rf7 19. b4 Ref8 20. h3 b5 21. d5 bxc4 22. dxc6 {
Sasaki,K-Handoko,E/Kuala Lumpur 1993/EXT 98/0-1 (73)}) (7... Bd6 8. O-O O-O 9.
Nd2 Qe8 10. f4 h6 11. Bh4 Nd5 12. Qe2 Nxf4 13. Qxe4 g5 14. Bg3 Bf5 15. Qe3 Bxc2
16. Bxf4 gxf4 17. Rxf4 Rxf4 18. Qxf4 Qe6 19. Rf1 Rf8 20. Qg3+ Kh7 21. Rxf8 Bxf8
22. Qc3 {Nogueira,I-Batista,G/Brasilia 2001/EXT 2002/1-0 (38)}) 8. Bxf6 $146 (
8. c3 Bd6 (8... Bf5 9. O-O Qd5 10. Qa4+ c6 11. Rd1 Be7 12. Na3 cxd4 13. cxd4 h6
14. Bh4 O-O 15. Nc2 Qe6 16. Ne3 Bh7 17. Rac1 a6 18. Qc4 Qxc4 19. Rxc4 Rad8 20.
Kf1 g5 21. Bg3 Nh5 22. Rc3 c5 23. dxc5 {
Hon Kah Seng,C-O'Kelly de Galway,A/Jakarta 1978/EXT 98/1-0 (35)}) 9. Nd2 cxd4
10. cxd4 Bf5 11. Qb3 Qe7 12. Qxb7 O-O 13. Qb3+ Kh8 14. Nec4 Rab8 15. Qe3 Qe6
16. Bxf6 Rxf6 17. d5 Qxd5 18. Qxa7 Ra8 19. Ne3 Qxd2+ {
0-1 Lebon,J-Shirazi,K/Bethune 1998/EXT 2001 (19)}) (8. Nd2 Bf5 9. Qe2 a6 10. g4
Be6 11. Nxe4 cxd4 12. O-O-O Be7 13. Bxf6 gxf6 14. Nf3 Kf7 15. Nxd4 Qd5 16. Nxe6
Qxe6 17. Rhe1 Qxa2 18. Ng5+ Kg6 19. Qe4+ Kh6 20. Qxe7 Qa1+ 21. Kd2 Qa5+ 22. Kc1
Qa1+ 23. Kd2 Qa5+ 24. c3 Rad8+ 25. Kc2 Qa4+ 26. Kc1 Rxd1+ 27. Rxd1 Qf4+ 28. Qe3
{1/2-1/2 Kun,S-Bogi,K/Hajduboszormeny 1999/EXT 2001 (28)}) (8. Nd2 Be7 9. c3
cxd4 10. Nxe4 Nxe4 11. Qh5+ g6 12. Nxg6 Nxg5 13. Nxh8+ Kd7 14. Nf7 Nxf7 15.
Qxf7 $15) 8... Qxf6 $15 (8... gxf6 9. Qh5+ Ke7 10. Nc3 (10. dxc5 $6 Qe8 11. Qh4
Bg7 $16) 10... cxd4 11. Rd1 $16 (11. Nxe4 {ist deutlich schlechter} 11... fxe5
12. O-O Rg8 $15)) 9. O-O Bf5 10. c3 O-O-O 11. Qa4 Kb8 12. Nd2 cxd4 13. cxd4 c5
14. Ndc4 (14. Qb3 $5 $17) 14... cxd4 $19 15. Rfd1 d3 16. Rac1 $2 (16. Qa5 $142
Rc8 17. b4 $19) 16... Bc5 17. Rd2 (17. Qa5 Rd5 18. Ne3 Qxe5 (18... Rxe5 $143
19. Rxc5 b6 20. Rxe5 bxa5 21. Rxf5 Qxb2 22. Rxa5 $19) 19. Nxd5 Bd6 $19) 17...
Rd5 18. g4 (18. Qa5 Bxf2+ $1 {Beseitigt den Bauernschutz} 19. Rxf2 Rxa5 20.
Nd7+ Bxd7 21. Rxf6 gxf6 22. Nxa5 e3 $19) 18... Bc8 ({Nicht} 18... Rxe5 19. Nxe5
Qxe5 20. gxf5 Qxf5 21. Rxc5 Qxc5 22. Qd1 $19) 19. b4 (19. Qa5 Qf4 20. Rc3 Rf8
$19) 19... Bd4 (19... Bd4 20. b5 Bxe5 21. Nxe5 Qxe5 $19) 0-1

[Event "58. BEM 2004"]
[Site "Dortmund"]
[Date "2004.03.09"]
[Round "5.10"]
[White "Mrozinski, Werner"]
[Black "Iwannek, Ralf"]
[Result "0-1"]
[WhiteElo "1965"]
[BlackElo "1771"]
[Annotator "Fritz 7 (15s)"]
[PlyCount "88"]
[EventDate "2004.??.??"]
[Source "SG Dortmund"]
[SourceDate "2004.12.16"]

{A14: English Opening: 1...e6 with b3 by White
} 1. Nf3 d5 2. c4 e6 3. g3 Nf6
4. Bg2 Be7 5. O-O O-O 6. b3 Nc6 7. d4 Ne4 8. Bb2 Bf6 9. e3 g6 $146 (9... Re8
10. Nc3 Nxc3 11. Bxc3 Qe7 12. Rc1 dxc4 13. bxc4 e5 14. d5 Nb4 15. d6 cxd6 16.
Bxb4 Rd8 17. Nd2 Qc7 18. Ne4 Be7 19. Nc3 Be6 20. Nd5 Qd7 21. Qd3 Bf8 22. Rfd1
Rac8 23. Qa3 b6 24. Qa6 {Sandmeier,T-Rott,G/Germany 2000/CBM 82 ext/1-0 (61)})
10. Nfd2 Nxd2 11. Qxd2 Ne7 12. Nc3 c6 {Deckt b5} 13. Rac1 b6 14. Rfd1 Bb7 15.
e4 Rc8 16. Qf4 Bg7 17. Ba3 Re8 18. exd5 cxd5 19. Nb5 Nf5 20. g4 (20. cxd5 $142
$5 {ist eine Alternative} 20... Rxc1 21. Qxc1 (21. Rxc1 $143 Bh6 22. Qg4 Bxc1
23. Bxc1 Bxd5 $19) 21... exd5 22. g4 $15) 20... Bh6 $17 21. Qe5 f6 22. Qe2 Bxc1
23. Rxc1 a6 24. Na7 Ra8 25. gxf5 exf5 (25... Rxa7 $6 26. fxe6 dxc4 27. d5 cxb3
28. axb3 $14) 26. Qf3 Rxa7 27. cxd5 (27. c5 bxc5 28. Bxc5 Ra8 $17) 27... Ra8 (
27... Ba8 28. Bb2 $19) 28. h4 Re4 29. d6 Rc8 30. Rd1 (30. Rxc8 Qxc8 31. d5 $19)
30... Rxd4 $1 {Motiv: Abzugsangriff} 31. Rxd4 Bxf3 32. Bxf3 Qd7 33. Bd5+ (33.
Rd1 f4 $19) 33... Kg7 34. Rd2 f4 35. f3 Re8 36. Kg2 Kh6 37. Rc2 (37. Bc4 {
aendert nichts am Ausgang der Partie} 37... b5 38. Bf1 Kh5 $19) 37... Rc8 (
37... Qf5 38. Rd2 Re1 39. Rb2 Qxd5 40. Bb4 $19) 38. Re2 Re8 (38... Rc3 {
ginge schneller} 39. Rd2 $19) 39. Rc2 Re1 40. Rc7 (40. Bb4 {
ist ein letzter Strohhalm} 40... Rd1 41. Bc4 $19) 40... Qb5 41. Bc4 Qf5 (41...
Qa5 42. Re7 Qd2+ 43. Re2 Rxe2+ 44. Bxe2 Qxe2+ 45. Kh1 Qxf3+ 46. Kg1 Qg3+ 47.
Kf1 f3 48. Bc1+ Kh5 49. d7 Qg2+ 50. Ke1 Qe2#) 42. Bg8 $17 g5 43. d7 $4 {
es war sowieso egal} (43. Rxh7+ Qxh7 44. Bxh7 Kxh7 45. hxg5 fxg5 46. Kf2 $19)
43... Qd3 44. hxg5+ (44. Bf8+ {hilft allerdings auch nicht} 44... Kh5 45. Bf7+
Kxh4 46. Bc5 Qf1+ 47. Kh2 Qh3#) 44... Kxg5 (44... Kxg5 45. Rc5+ bxc5 46. Bxc5
Qf1+ 47. Kh2 Qh1#) 0-1

[Event "58. BEM 2004"]
[Site "Dortmund"]
[Date "2004.03.09"]
[Round "5.11"]
[White "Woestmann, Ulrich"]
[Black "Morgenroth, Hubertus"]
[Result "1-0"]
[WhiteElo "1972"]
[BlackElo "1654"]
[Annotator "Fritz 7 (15s)"]
[PlyCount "53"]
[EventDate "2004.??.??"]
[Source "SG Dortmund"]
[SourceDate "2004.12.16"]

{C26: Vienna Game: 2...Nf6, sidelines 
} 1. e4 e5 2. Nc3 Bc5 3. Bc4 Nf6 4. d3
d6 5. f4 Ng4 6. Qf3 (6. f5 Bf2+ 7. Kf1 Ne3+ 8. Bxe3 Bxe3 9. Nd5 Bxg1 10. Rxg1
c6 11. Nc3 b5 12. Nxb5 d5 13. Bb3 dxe4 14. dxe4 Qxd1+ 15. Rxd1 Ba6 16. a4 Nd7
17. Rd6 Nb8 18. Rd3 cxb5 19. Bd5 bxa4 20. Bxa8 Bxd3+ 21. cxd3 Ke7 22. Ke2 Nd7
23. Bd5 Rb8 24. Rb1 f6 {1/2-1/2 Dishman,S-Rayner,F/Eastbourne 1991/EXT 97 (24)}
) 6... O-O $146 (6... Nf2 7. fxe5 (7. Be3 Bxe3 8. Qxe3 Nxh1 9. O-O-O Qh4 10.
Rf1 Qxh2 11. fxe5 O-O 12. Nd5 Qxg2 13. d4 Ng3 14. Rf4 dxe5 15. dxe5 Nc6 16. Nf3
Be6 17. Rh4 Bxd5 18. Ne1 Nf1 19. Bxf1 Qxf1 20. exd5 Nxe5 {
0-1 Miranda,J-Llaneza Vega,M/ESP 1997/EXT 2001 (20)}) 7... O-O 8. Nge2 Nxh1 9.
d4 Bb6 10. exd6 Qxd6 11. Be3 Be6 12. Bd3 Nc6 13. e5 Qe7 14. O-O-O f6 15. Qe4 f5
16. Qf3 Rad8 17. Bb5 Nb4 18. Rxh1 c6 19. a3 Nd5 20. Ba4 Nxc3 21. Nxc3 {
Garcia Toledo,P-Szmetan,J/Fortaleza 1975/EXT 2002/0-1 (45)}) (6... Nf2 $5 7.
fxe5 Be6 8. Bxe6 fxe6 9. exd6 cxd6 $17 (9... Nxh1 $6 10. Qh5+ g6 11. Qxc5 Qh4+
12. g3 Qxh2 13. Nge2 $11)) 7. h3 Nf6 (7... Nf2 8. Rh2 Nxd3+ 9. Qxd3 Bxg1 10.
Rh1 $15) 8. f5 {Weiss gewinnt Raum} (8. fxe5 dxe5 9. Bg5 Be7 $14) 8... Nc6 9.
Nge2 Nb4 10. Bg5 $4 {vergibt den Vorteil} (10. Bb3 Nc6 $11) 10... c6 $4 {
wirft den sicheren Gewinn weg} (10... Nxc2+ $142 {und Schwarz gewinnt} 11. Kd2
Nxa1 12. Rxa1 c6 $19) 11. O-O-O d5 12. exd5 cxd5 13. Bb3 Qd6 14. g4 a5 $2 (
14... d4 $142 $5 {und Schwarz kann noch kaempfen} 15. Ne4 Nxe4 16. dxe4 Qa6 $14
) 15. Bxf6 Qxf6 16. a3 Nc6 17. Bxd5 Nd4 18. Nxd4 Bxd4 19. Ne4 Qb6 20. c3 Be3+
21. Kb1 Bd7 22. g5 {Weiss plant f6} 22... Bc6 23. Qg4 Kh8 24. Bc4 Rac8 25. f6
g6 (25... Bxe4 26. fxg7+ Kxg7 27. Qxe4 $18) 26. Nd6 (26. h4 $5 h5 27. gxh6 Bxe4
28. Qxe4 Bf4 $18) 26... Bxh1 $4 {schlecht aber verstaendlich} (26... Rc7 $142
27. Rhf1 Bc5 28. Nxf7+ Rcxf7 29. Bxf7 Rxf7 $16) 27. Nxf7+ (27. Nxf7+ Kg8 28.
Nxe5+ Rxc4 29. Qxc4+ (29. Nxc4 $6 Qc6 30. Nxe3 Bf3 $18) 29... Rf7 30. Qxf7+ Kh8
31. Qg7#) 1-0

[Event "58. BEM 2004"]
[Site "Dortmund"]
[Date "2004.03.09"]
[Round "5.12"]
[White "Starp, Klaus"]
[Black "Noori, Mir Ahmad"]
[Result "1-0"]
[WhiteElo "1892"]
[BlackElo "1553"]
[Annotator "Fritz 7 (15s)"]
[PlyCount "65"]
[EventDate "2004.??.??"]
[Source "SG Dortmund"]
[SourceDate "2004.12.16"]

{C00: French: Unusual White 2nd moves
} 1. e4 e6 2. d4 g6 3. Nc3 Bg7 4. Be3 d6
5. f4 $146 (5. Be2 Ne7 6. h4 Nd7 7. Qd2 b6 8. Nh3 Bb7 9. O-O-O a6 10. f4 c5 11.
d5 exd5 12. Nxd5 Nxd5 13. exd5 Nf6 14. Bf3 Qd7 15. Nf2 O-O-O 16. g4 h5 17. g5
Ng8 18. Bg2 Kb8 19. Ne4 Ne7 {
Matthai,H-Zalys,I/Montreal 1959/EXT 2002/1/2-1/2 (48)}) (5. Qd2 b5 (5... Ne7 6.
h4 h5 7. Nh3 Nd7 8. f3 Nf8 9. O-O-O Bd7 10. Nf2 a6 11. g4 b5 12. Kb1 Qb8 13.
Bd3 a5 14. Ne2 b4 15. c4 bxc3 16. Nxc3 a4 17. a3 Nc6 18. Bb5 Na5 19. Qd3 Ra7
20. Bxa4 {Madl,I-Ramseier,J/Germany 1992/EXT 97-B/1-0 (30)}) (5... Nd7 6. O-O-O
b6 7. f4 Ne7 8. g4 Bb7 9. Bg2 Nf6 10. h3 h5 11. g5 Nh7 12. d5 exd5 13. Nxd5
Bxd5 14. exd5 Nf5 15. Ne2 O-O 16. Bd4 Nxd4 17. Nxd4 Bxd4 18. Qxd4 Qd7 19. h4
Qg4 20. Bh3 {1-0 Zinn,L-Moehring,G/Zinnowitz 1966/EXT 2000 (20)}) 6. Bd3 Nd7 7.
Nge2 Ngf6 8. Bh6 O-O 9. Bxg7 Kxg7 10. Ng3 e5 11. Nce2 Nb6 12. dxe5 dxe5 13. Qc3
Qd6 14. b3 Ba6 15. Rd1 Rfd8 16. O-O b4 17. Qa1 Bxd3 18. cxd3 c5 19. f4 Nbd7 {
Poulsen,A-Hoi,C/Espergarde 1977/MCD/1/2-1/2 (42)}) (5. f3 Ne7 6. Qd2 h6 7. h4
h5 8. Nge2 a6 9. g4 hxg4 10. fxg4 e5 11. Bh3 Rxh4 12. Bg5 Rh7 13. Nd5 Nbc6 14.
O-O-O Be6 15. Bg2 Rxh1 16. Rxh1 Bxd5 17. exd5 Nxd4 18. Nxd4 exd4 19. Rh7 Bf8
20. Qf2 f5 21. gxf5 gxf5 22. Qe2 {
1-0 Rocha,A-Mendes,S/Sao Bernardo 1968/EXT 2001 (22)}) 5... f5 6. e5 {
Raumvorteil} 6... d5 7. Bd3 a6 {Kontrolliert b5} 8. Nf3 Nc6 9. O-O h5 10. a3
Nh6 11. Ne2 Ne7 12. b3 Bd7 13. c4 O-O 14. h3 c6 (14... Nf7 15. Qe1 $16) 15. Bf2
Nf7 16. Bh4 Qe8 17. Qe1 Bh6 18. Qb4 Nc8 19. Qxb7 Ra7 20. Qb4 Kh7 21. cxd5 cxd5
22. Rac1 Bb5 23. Rfd1 Bxd3 24. Rxd3 Qb5 25. Qxb5 axb5 26. Rdc3 Ra8 27. Rc7 Kg8
28. Rb7 Rxa3 29. Rxb5 Ra8 30. Rb7 Kh8 (30... Ra7 31. Rcc7 Rxb7 32. Rxb7 Bg7 $18
) 31. Rcc7 Kg8 32. Bg5 Bg7 33. Nh4 (33. Nh4 Ra2 34. Nxg6 Rxe2 35. Nxf8 Bxf8 36.
Rxc8 Re1+ 37. Kf2 $18) 1-0

[Event "58. BEM 2004"]
[Site "Dortmund"]
[Date "2004.03.09"]
[Round "5.13"]
[White "Raszelenberg, Patrick"]
[Black "Krause, Dieter"]
[Result "0-1"]
[WhiteElo "1747"]
[BlackElo "1873"]
[Annotator "Fritz 7 (15s)"]
[PlyCount "84"]
[EventDate "2004.??.??"]
[Source "SG Dortmund"]
[SourceDate "2004.12.16"]

{B01: Scandinavian Defence
} 1. e4 d5 2. exd5 Qxd5 3. Nf3 Bg4 4. Be2 Nc6 5. O-O
O-O-O 6. h3 Bh5 (6... Bxf3 7. Bxf3 Qd7 8. c3 Ne5 9. d4 Nxf3+ 10. Qxf3 Nf6 11.
Nd2 Qd5 12. Qe2 e6 13. Nf3 Bd6 14. Re1 Qh5 15. c4 c6 16. Qe3 Nd7 17. Bd2 Rhg8
18. b4 g5 19. Nxg5 Bc7 20. Kf1 Rg7 21. Ne4 Rdg8 22. g4 Qh4 23. Qh6 Qd8 24. Bf4
f5 25. gxf5 exf5 26. Bxc7 Rg1+ 27. Ke2 Rxe1+ 28. Rxe1 Qe7 29. Kf1 fxe4 30. Bg3
Qf7 31. Qd6 Rxg3 32. Qxg3 Qxc4+ 33. Kg2 Nf6 34. Qd6 Qf7 35. b5 Qg6+ 36. Kf1 Qf5
37. Kg1 Qg5+ 38. Kh2 Qf5 39. Re2 Qxb5 40. Qe6+ Kc7 41. Qe5+ {
Short,N-Salov,V/Dos Hermanas 1997/CBM 59/1-0 (63)}) (6... Bf5 7. Nc3 Qd7 8. Bb5
a6 9. Ne5 Qe6 10. Nxc6 Rd6 11. d4 axb5 12. Na7+ Kd7 13. Naxb5 Rb6 14. Bf4 Qg6
15. Bxc7 Rc6 16. Bg3 Nf6 17. d5 Rc5 18. Qd4 b6 19. Qa4 Kd8 20. Nd4 Bd7 21. Nc6+
Bxc6 22. dxc6 Ra5 23. Qd4+ {1-0 Dauth,B-Held,P/Berlin 2001/EXT 2002 (23)}) 7.
Nc3 Qd7 8. Ne4 Bg6 $146 (8... e6 9. c3 Bxf3 10. Bxf3 Ne5 11. d4 Nxf3+ 12. Qxf3
h5 13. Rd1 f5 14. Ng5 e5 15. d5 e4 16. Qe2 Nf6 17. Ne6 Re8 18. c4 g5 19. Bxg5
Qf7 20. Qe3 Kb8 21. Qd4 Be7 22. Qe5 Rc8 23. Nxc7 Rxc7 24. d6 Bxd6 25. Rxd6 Rg8
26. Rxf6 Qxc4 27. Rc1 {1-0 Geissler,D-Fischer,P/Bellheim 1994/GER (27)}) 9. Ng3
e5 10. Nh4 Kb8 11. c3 {Verwehrt dem Gegner b4} 11... f5 (11... Bd3 12. Nf3 $15)
12. b4 e4 {Schwarz hat mehr Raum} 13. a4 Be7 14. Nxg6 hxg6 15. a5 {Raumgewinn}
15... Nf6 16. b5 Ne5 17. d4 $2 (17. Ra4 $142 $17) 17... exd3 $19 18. Bf4 (18.
a6 Nd5 19. Bd2 f4 $19) 18... dxe2 19. Qxe2 Nd3 20. Bxc7+ (20. Be3 $19 {
die letzte Gegenchance}) 20... Qxc7 21. b6 Qe5 22. bxa7+ Kxa7 23. Qa2 (23. Qxe5
{aendert den Lauf der Dinge nicht} 23... Nxe5 24. Rfe1 Bd6 $19) 23... Bc5 24.
a6 b6 25. Qf7+ (25. Ne2 {haette noch versucht werden koennen} 25... Ng4 $1 {
ein Tiefschlag} 26. Qf7+ Be7 27. Ng3 Ndxf2 28. Rxf2 Nxf2 29. Nf1 $19) 25... Rd7
26. Qxg6 Rh6 (26... Nf4 27. Qg5 Rd3 28. Qxg7+ Rd7 29. Rfe1 Bxf2+ 30. Kxf2 Nd3+
31. Kg1 Qc5+ 32. Kh1 Nf2+ 33. Kh2 Rxg7 34. Ra5 N6g4+ 35. Kg1 Nxh3+ 36. Kh1 Nf4+
37. Nh5 Rxh5#) 27. Qxf5 Qxg3 (27... Nxf2 $142 {
erleichterte Schwarz die Gewinnfuehrung} 28. Rxf2 Qxg3 $19) 28. Rad1 (28. Qxc5
{holt die Kuh nicht vom Eis} 28... Qxg2+ $1 {Beseitigt den Bauernschutz} 29.
Kxg2 bxc5 $19) 28... Qe5 (28... Rg6 29. Qxg6 Qxg6 30. Rd2 Nf4 31. Rxd7+ Nxd7
32. g4 Qc6 33. Rd1 Qg2#) 29. Qf3 (29. Qxe5 {nuetzt auch nichts mehr} 29... Nxe5
30. Rxd7+ Nexd7 $19) 29... Qe4 30. Qg3 Rg6 31. Qh2 Qe2 32. Qf4 Bxf2+ (32...
Nxf4 33. Ra1 Qf3 34. c4 Qxg2#) 33. Kh1 Qe4 (33... Nxf4 34. Rxd7+ Nxd7 35. Ra1
Be1 36. Ra2 Qf1+ 37. Kh2 Bg3#) 34. Qf3 Qxf3 35. gxf3 Bc5 36. h4 Rh6 37. Kg2
Nf4+ 38. Kg3 (38. Kh2 {macht keinen grossen Unterschied} 38... Be3 39. Kg3 Rxd1
40. Rxd1 Rg6+ 41. Kh2 Rg2+ 42. Kh1 Rg3 43. Rd2 Bxd2 44. Kh2 Rh3+ 45. Kg1 Be3+
46. Kf1 Rh1#) 38... Rxd1 39. Rxd1 Ne2+ 40. Kg2 Rxh4 41. f4 Rxf4 (41... Nxf4+
42. Kg3 g5 43. Rd4 Rh3+ 44. Kf2 Ne4+ 45. Kg1 Rxc3 46. Kh1 Bxd4 47. Kh2 Rh3#)
42. Rd2 Rf2+ (42... Rf2+ 43. Kh3 Nf4+ 44. Kg3 N6h5+ 45. Kg4 Rxd2 46. Kf3 Rd3+
47. Kg4 Rg3+ 48. Kf5 g6+ 49. Ke4 Re3#) 0-1